|
|
|
|
| LEADER |
01691nam a22003614a 4500 |
| 001 |
4873 |
| 003 |
BD-DhAAL |
| 005 |
20250119103756.0 |
| 008 |
150627s2000 dcua b 000 0 eng |
| 010 |
|
|
|a 00043960
|
| 020 |
|
|
|a 0195216024
|
| 020 |
|
|
|a 9780195216028
|
| 040 |
|
|
|a DLC
|c DLC
|d DLC
|d BD-DhAAL
|
| 050 |
0 |
0 |
|a HC59.72.P6
|b C79 2000
|
| 082 |
0 |
0 |
|a 305.569091724
|2 21
|
| 245 |
0 |
0 |
|a Crying out for change :
|b voices of the poor /
|c Deepa Narayan ... [et al.].
|
| 246 |
3 |
0 |
|a Voices of the poor
|
| 260 |
|
|
|a Oxford ;
|a New York :
|b Oxford University Press,
|c c2000.
|
| 300 |
|
|
|a xvi, 314 pages :
|b illustrations ;
|c 24 cm.
|
| 504 |
|
|
|a Includes bibliographical references.
|
| 526 |
|
|
|x Shahana Siddiqui
Research Associate
BDI
Course name and no. N/A
|
| 541 |
|
|
|a Micro industries development assistance and services
|e 4873, 18946
|
| 650 |
|
0 |
|a Poor
|z Developing countries
|v Case studies.
|9 8414
|
| 650 |
|
0 |
|a Social change
|z Developing countries
|v Case studies.
|9 8416
|
| 700 |
1 |
|
|a Narayan-Parker, Deepa.
|9 11275
|
| 700 |
1 |
|
|a Chambers, Robert
|
| 700 |
1 |
|
|a Shah, Meera K.
|9 54684
|
| 700 |
1 |
|
|a Petesch, Patti
|9 8417
|
| 852 |
|
|
|a Ayesha Abed Library
|c General Stacks
|
| 942 |
|
|
|2 ddc
|c BK
|
| 999 |
|
|
|c 34836
|d 34836
|
| 952 |
|
|
|0 0
|1 0
|2 ddc
|4 0
|6 305_569091724000000_CRY
|7 0
|9 54513
|a SCL
|b SCL
|c GEN
|d 2015-06-27
|l 0
|o 305.569091724 CRY
|p 3020004873
|r 2015-06-27
|t 1
|w 2015-06-27
|y BK
|
| 952 |
|
|
|0 0
|1 0
|2 ddc
|4 0
|6 305_569091724000000_CRY
|7 0
|9 73850
|a BIGD
|b BIGD
|c GEN
|d 2023-06-21
|e Micro industries development assistance and services
|l 0
|o 305.569091724 CRY
|p 3050018946
|r 2023-06-21
|t 2
|w 2023-06-21
|y BK
|x Transferred from BDI to BIGD. Requisitioned by Shahana Siddiqui, Research Associate BDI. Course name and no. N/A
|